Vplyv globálnej hospodárskej krízy na zahraničnoobchodnú spoluprácu Slovenska s Ruskom

Súčasný stav zahraničnoobchodnej spolupráce Slovenska s Ruskom ovplyvnený globálnou hospodárskou krízou. Perspektívy vývoja vzájomných hospodárskych vzťahov.

Guardado en:
Detalles Bibliográficos
Autor principal: Kašťáková, Elena, 1974-
Formato: Capítulo de libro
Lenguaje:eslovaco
Materias:
Etiquetas: Agregar Etiqueta
Sin Etiquetas, Sea el primero en etiquetar este registro!

MARC

LEADER 00000nla a2200000 4500
001 0180293
005 20240502073053.1
041 0 |a slo 
044 |a SK 
245 1 0 |a Vplyv globálnej hospodárskej krízy na zahraničnoobchodnú spoluprácu Slovenska s Ruskom  |c Elena Kašťáková 
520 |a Súčasný stav zahraničnoobchodnej spolupráce Slovenska s Ruskom ovplyvnený globálnou hospodárskou krízou. Perspektívy vývoja vzájomných hospodárskych vzťahov. 
610 2 0 |a obchod medzinárodný 
610 2 0 |a obchod zahraničný 
610 2 0 |a spolupráca cezhraničná 
610 2 0 |a podmienky obchodné 
610 2 0 |a vzťahy obchodné 
610 2 0 |a Slovensko 
610 2 0 |a Rusko 
100 1 |a Kašťáková, Elena, 1974-